Elements per a una actuació municipal de promoció del civisme
ISBN:
978-84-9803-195-9
Publicado:
Barcelona. Diputació de Barcelona. Àrea d'Igualtat i Ciutadania. Servei de Polítiques de Diversitat i Ciutadania :
2007
Descripción Física:
74 p. ; 30 cm
MARC
| LEADER | 00000nam a2200000Ia 4500 | ||
|---|---|---|---|
| 001 | 19059 | ||
| 008 | 160829s2007 xx 000 0 cat d | ||
| 020 | |a 978-84-9803-195-9 | ||
| 080 | |a M-5-423 | ||
| 245 | |a Elements per a una actuació municipal de promoció del civisme | ||
| 260 | |a Barcelona. Diputació de Barcelona. Àrea d'Igualtat i Ciutadania. Servei de Polítiques de Diversitat i Ciutadania, |c 2007 | ||
| 300 | |a 74 p. ; |c 30 cm | ||
| 490 | |a Documents de treball. Sèrie Igualtat i Ciutadania ; 3 | ||
| 650 | |a Civisme |x Barcelona (Província) |9 44824 | ||
| 650 | |a Convivència |x Barcelona (Província) |9 44825 | ||
| 710 | 1 | |a Barcelona (Catalunya : Província). |b Servei de Polítiques de Diversitat i Ciutadania |9 52870 | |
| 901 | |a Arxiu | ||
| 942 | |n 1 | ||
| 952 | |0 0 |1 0 |4 0 |6 M5423 |7 1 |9 52195 |a Arxiu |b Arxiu |d 2016-12-01 |l 0 |o M-5-423 |p 19059 |r 2016-12-01 00:00:00 |w 2016-12-01 |y ARXIU | ||
| 999 | |c 56043 |d 56043 | ||